ბათუმის შოთა რუსთაველის სახელმწიფო უნივერსიტეტის ბიბლიოთეკა

The early years handbook for students and practitioners : (ბიბ.ჩანაწერი № 58403)

000 -LEADER
fixed length control field 00601cam a2200181 i 4500
001 - CONTROL NUMBER
control field 18827591
005 - DATE AND TIME OF LATEST TRANSACTION
control field 20220118125422.0
008 - FIXED-LENGTH DATA ELEMENTS--GENERAL INFORMATION
fixed length control field 151022s2016 enka 000 0 eng
020 ## - INTERNATIONAL STANDARD BOOK NUMBER
International Standard Book Number 9781138776401
041 ## - LANGUAGE CODE
Language code of text/sound track or separate title eng
080 ## - UNIVERSAL DECIMAL CLASSIFICATION NUMBER
Universal Decimal Classification number 372.2 T-44
245 14 - TITLE STATEMENT
Title The early years handbook for students and practitioners :
Remainder of title an essential guide for the foundation degree and levels 4 and 5 /
Statement of responsibility, etc. edited by Lyn Trodd.
264 #1 - PRODUCTION, PUBLICATION, DISTRIBUTION, MANUFACTURE, AND COPYRIGHT NOTICE
Place of production, publication, distribution, manufacture London ;
Name of producer, publisher, distributor, manufacturer Routledge,
Date of production, publication, distribution, manufacture, or copyright notice 2016.
300 ## - PHYSICAL DESCRIPTION
Extent 520 pages :
Other physical details illustrations ;
Dimensions 26 cm.
653 ## - INDEX TERM--UNCONTROLLED
keyword პედაგოგიკა
700 0# - ADDED ENTRY--PERSONAL NAME
Personal name Trodd, Lyn.
9 (RLIN) 13403
942 ## - ADDED ENTRY ELEMENTS (KOHA)
Source of classification or shelving scheme
Koha item type წიგნი
ეგზემპლარები
Withdrawn status Lost status Source of classification or shelving scheme Damaged status Not for loan Permanent Location Current Location Shelving location Date acquired Cost, normal purchase price Full call number Barcode Date last seen Copy number Price effective from Koha item type Public note
          ბათუმის შოთა რუსთაველის სახელმწიფო უნივერსიტეტის მთავარი ბიბლიოთეკა ბათუმის შოთა რუსთაველის სახელმწიფო უნივერსიტეტის მთავარი ბიბლიოთეკა წიგნსაცავი 2022-01-18 84.00 372.2 T-44 62133 2022-01-18 62133 2022-01-18 წიგნი 84 ლ.